00715 a2200205 45000010006000000050017000060080041000230030015000640400040000790800084001192450038002030200022002412640034002633000018002970410008003151000028003237000028003517000031003798560099004104929420260407155756.0260407a2019 arg spa dAR-UNSa-BCEJYS aAR-UNSa-BCEJYSbspacAR-UNSa-BCEJYS a336.226.331xImpuestos sobre comestibles, bebidas y tabaco (Impuestos Internos)10aImpuestos internospversión 3.4 a978-987-01-2325-5 1aBuenos Aires :bErreparc2019 a49 p.c21 cm. aspa1 aArgentina [Leyes, etc.]1 aParada, Ricardo Antonio1 aErrecaborde, José Daniel41uhttps://www.biblioeco.unsa.edu.ar/pmb/images/libros/L127937.jpgyImagen de portadaqimage/jpeg